Des villes, des mots, des discours (notice n° 1649024)

détails MARC
000 -LEADER
fixed length control field 01800cam a2200169 4500500
005 - DATE AND TIME OF LATEST TRANSACTION
control field 20260208003818.0
041 ## - LANGUAGE CODE
Language code of text/sound track or separate title fre
042 ## - AUTHENTICATION CODE
Authentication code dc
100 10 - MAIN ENTRY--PERSONAL NAME
Personal name Leimdorfer, François
Relator term author
245 00 - TITLE STATEMENT
Title Des villes, des mots, des discours
260 ## - PUBLICATION, DISTRIBUTION, ETC.
Date of publication, distribution, etc. 2005.<br/>
500 ## - GENERAL NOTE
General note 22
520 ## - SUMMARY, ETC.
Summary, etc. L’article se propose de confronter analyse du discours et sociolinguistique, deux disciplines apparues dans les années soixante et dont les problématiques interfèrent souvent dans l’étude de l’activité langagière. En mettant l’accent sur les manières de travailler des chercheurs, les auteurs dégagent à la fois ce que chacune a de spécifique et ce qu’elles partagent. Ils montrent comment ces deux disciplines participent aujourd’hui d’un horizon intellectuel commun, caractérisé, entre autre, par l’intérêt pour le médium, pour le traitement informatique des corpus, pour les interactions verbales et l’interdisciplinarité.
520 ## - SUMMARY, ETC.
Summary, etc. Sociolinguistics and Discourse analysis: ways of speaking, ways of doing This paper proposes to confront Discourse analysis with Sociolinguistics, two disciplines that appeared in the 1960s and whose theories frequently overlapped in when studying language activity. By examining the ways researchers operate, the authors bring to light both the factors that make them unique and the elements they share. They also show how the two disciplines are presently part of a common intellectual horizon, characterised, among others, by an interest for the medium, the computerized treatment of corpora, verbal interactions and interdisciplinarity.
786 0# - DATA SOURCE ENTRY
Note Langage et société | 114 | 4 | 2005-12-01 | p. 129-146 | 0181-4095
856 41 - ELECTRONIC LOCATION AND ACCESS
Uniform Resource Identifier <a href="https://shs.cairn.info/revue-langage-et-societe-2005-4-page-129?lang=fr&redirect-ssocas=7080">https://shs.cairn.info/revue-langage-et-societe-2005-4-page-129?lang=fr&redirect-ssocas=7080</a>

Pas d'exemplaire disponible.

PLUDOC

PLUDOC est la plateforme unique et centralisée de gestion des bibliothèques physiques et numériques de Guinée administré par le CEDUST. Elle est la plus grande base de données de ressources documentaires pour les Étudiants, Enseignants chercheurs et Chercheurs de Guinée.

Adresse

627 919 101/664 919 101

25 boulevard du commerce
Kaloum, Conakry, Guinée

Réseaux sociaux

Powered by Netsen Group @ 2025